Sentimiento del tiempo ; La tierra prometida / (Record no. 17430)

MARC details
000 -LEADER
campo de control de longitud fija 00709nam a2200217 i 4500
001 - NÚMERO DE CONTROL
campo de control 17430
003 - IDENTIFICADOR DE NÚMERO DE CONTROL
campo de control ES-MaACL
005 - FECHA Y HORA DE LA ÚLTIMA TRANSACCIÓN
campo de control 20240517125321.0
007 - CAMPO FIJO DE DESCRIPCIÓN FÍSICA--INFORMACIÓN GENERAL
campo de control de longitud fija t|
008 - DATOS DE LONGITUD FIJA--INFORMACIÓN GENERAL
campo de control de longitud fija 010305s1998 sp ||||1| spa d
020 ## - NÚMERO INTERNACIONAL ESTÁNDAR DEL LIBRO
Número Internacional Estándar del Libro 84-226-7229-4
080 ## - NÚMERO DE LA CLASIFICACIÓN DECIMAL UNIVERSAL
Número de la Clasificación Decimal Universal 821.131.1-14"19"
100 1# - ENTRADA PRINCIPAL--NOMBRE DE PERSONA
Nombre de persona Ungaretti, Giuseppe.
9 (RLIN) 112006
245 10 - MENCIÓN DEL TÍTULO
Título Sentimiento del tiempo ; La tierra prometida /
Mención de responsabilidad, etc. Giuseppe Ungaretti ; traducción y prólogo de Tomás Segovia.
260 ## - PUBLICACIÓN, DISTRIBUCIÓN, ETC.
Lugar de publicación, distribución, etc. Barcelona :
Nombre del editor, distribuidor, etc. Galaxia Gutenberg :
-- Círculo de Lectores,
Fecha de publicación, distribución, etc. [1998]
300 ## - DESCRIPCIÓN FÍSICA
Extensión 315 p. ;
Dimensiones 21 cm.
700 1# - ENTRADA AGREGADA--NOMBRE PERSONAL
Nombre de persona Segovia, Tomás,
Fechas asociadas al nombre 1927-2011
9 (RLIN) 105153
740 3# - ENTRADA AGREGADA--TÍTULO RELACIONADO/ANALÍTICO NO CONTROLADO
Título relacionado o analítico no controlado La tierra prometida.
852 ## - LOCALIZACIÓN
Ubicación ES-MaACL
Número de control de estantería L-24377
Sublocalización o colección R.129531
Holdings
Estatus retirado Estado de pérdida Estado de daño No para préstamo Biblioteca de origen Biblioteca actual Ubicación en estantería Fecha de adquisición Fuente de adquisición Total de préstamos Signatura topográfica completa Código de barras Visto por última vez Precio de reemplazo Tipo de ítem Koha
        Biblioteca del Ateneo de Madrid Biblioteca del Ateneo de Madrid Depósito 2 17/01/2008     L-24377 1017783 23/02/2023 23/02/2023 Libro impreso